000 00776nam a2200265Ia 4500
003 OSt
005 20220918223936.0
006 a|||||r|||| 00| 0
007 ta
008 220917b |||||||| |||| 00| 0 eng d
024 _a225,868
037 _cTextual
040 _aARTS
_cARTS
_beng
041 _2eng
_aeng
082 _aO111,3M21:g, P5
100 _aFlaubert Gustave
_916408
245 0 _aMadame Bovary
_b Contexts critical reception
260 _aNew York
_bW.W. Norton & Company
_c2005
300 _axix, 551p.
_ccm.
490 _aA norton critical edition
650 _aENGLISH LITERATURE
700 _a Cohen Margaret Ed.
_919501
942 _hO111,3M21:g, P5
_cTEXL
_2CC
999 _c279802
_d279802